An introduction to Political Theory (Record no. 9924)

MARC details
000 -LEADER
fixed length control field 00320nam a22001217a 4500
008 - FIXED-LENGTH DATA ELEMENTS--GENERAL INFORMATION
fixed length control field 240730b |||||||| |||| 00| 0 eng d
020 ## - INTERNATIONAL STANDARD BOOK NUMBER
International Standard Book Number 9789332568839
100 ## - MAIN ENTRY--PERSONAL NAME
Personal name Bhargava, rajeev
245 ## - TITLE STATEMENT
Title An introduction to Political Theory
260 ## - PUBLICATION, DISTRIBUTION, ETC.
Place of publication, distribution, etc. India
Name of publisher, distributor, etc. First Impression
Date of publication, distribution, etc. 2016
300 ## - PHYSICAL DESCRIPTION
Extent xiv, 257p.
Dimensions 17cm
942 ## - Added entry Elements (Koha)
Source of classification or shelving scheme Dewey Decimal Classification
Holdings
Withdrawn status Lost status Source of classification or shelving scheme Damaged status Not for loan Collection code Home library Current library Shelving location Date acquired Cost, normal purchase price Serial Enumeration / chronology Total Checkouts Full call number Barcode Date last seen Cost, replacement price Price effective from Koha item type
    Dewey Decimal Classification     Main TEST RTC Library RTC Library Main opac 30/07/2024 473.00 18400   320.01 BHA C.1 30019613 30/07/2024 473.00 30/07/2024 Main
    Dewey Decimal Classification     Main TEST RTC Library RTC Library Main opac 30/07/2024 473.00 18401   320.01 BHA C.2 30019465 30/07/2024 473.00 30/07/2024 Main
    Dewey Decimal Classification     Main TEST RTC Library RTC Library Main opac 30/07/2024 473.00 18402   320.01 BHA C.3 30019485 30/07/2024 473.00 30/07/2024 Main
    Dewey Decimal Classification     Main TEST RTC Library RTC Library Main opac 30/07/2024 473.00 18403   320.01 BHA C.4 30019635 30/07/2024 473.00 30/07/2024 Main
Royal Thimphu College || All Right Reserved